000 00842nam a22002057a 4500
003 BUBTL
008 220904b ||||| |||| 00| 0 eng d
020 _a9789843508249
082 _a954.92/ Ah52b/ 2021
100 _94626
_aআহমেদ, সিরাজ উদদীন
245 _aবাংলাদেশ : অবৈধ অধ্যায়
_b১৯৭৫-১৯৯০ /
_c সিরাজ উদদীন আহমেদ
250 _a1st Edn.
260 _aঢাকা:
_bভাস্কর প্রকাশনী,
_cc2021
300 _a528 p.:
_bills.;
_c22 cm.
505 _aবাংলাদেশ, ১৯৭৫-১৯৯০, সিরাজ উদদীন আহমেদ
650 0 _93574
_aবঙ্গবন্ধু
856 _k0
_l0
_yDownload
942 _2ddc
_cBK
999 _c6738
_d6738